000 00522nam a2200181Ia 4500
001 13317
005 20260306164752.0
008 260306t2005||||xx |||||||||||||| ||spa||
041 _aESP
082 _a001.42
_bP86
100 _aPrieto Valiente, Luis
_eAUT
245 0 _a¿Qué significa estadísticamente significativo?:
_bla falacia del criterio del 5% en la investigación científica
260 _c2005
300 _axviii, 192 páginas :
_c21 cm.
650 _aGEN
654 _aCHU
942 _cLIB
_dJUS
_fJUS
_2ddc
_n
999 _c13317
_d13317